Zelené a ESG investovanie

Vytvorenie poznatkovej základne pre definovanie konceptu ESG a objasnenie fundamentálnych a behaviorálnych aspektov investovania do zeleného finančného sektora.

Gespeichert in:
Bibliographische Detailangaben
1. Verfasser: Matušovičová, Monika, 1967-
Format: Buchkapitel
Sprache:Slowakisch
Schlagworte:
Tags: Tag hinzufügen
Keine Tags, Fügen Sie das erste Tag hinzu!

MARC

LEADER 00000naa$a2200000$$$4500
001 0313394
005 20251215134511.2
041 0 |a slo 
044 |a SK 
245 1 0 |a Zelené a ESG investovanie  |c Monika Matušovičová 
520 |a Vytvorenie poznatkovej základne pre definovanie konceptu ESG a objasnenie fundamentálnych a behaviorálnych aspektov investovania do zeleného finančného sektora. 
610 2 0 |a investície 
610 2 0 |a investície ekologické 
610 2 0 |a investície finančné 
610 2 0 |a investovanie 
610 2 0 |a investície spoločné 
610 2 0 |a ESG 
610 2 0 |a zodpovednosť spoločenská 
100 1 |a Matušovičová, Monika, 1967-